Marketing of Ghana cocoa, 1885-1992 / (Record no. 831)

MARC details
000 -LEADER
fixed length control field 00459cam a2200157 a 4500
020 ## - INTERNATIONAL STANDARD BOOK NUMBER
ISBN 9988760019
050 00 - CALL NUMBER
Classification number HD9200.G62
Item number A6
100 1# - AUTHOR
Personal name Amoah, J. E. K.
245 10 - TITLE
Title Marketing of Ghana cocoa, 1885-1992 /
Statement of responsibility, etc J.E.K. Amoah.
260 ## - PUBLICATION INFORMATION
Place of publication Accra-North, Ghana :
Name of publisher Jemre Enterprises,
Year of publication c1998.
300 ## - DESCRIPTION
Number of Pages ix, 208 p. :
Other physical details ill. ;
Dimensions 23 cm.
440 #0 - SERIES
SERIES Cocoa outline series ;
650 #0 - SUBJECTS
Topical Term Cocoa trade
General subdivision History.
650 #0 - SUBJECTS
Topical Term Cocoa
General subdivision Marketing
-- History.
942 ## - ADDED ENTRY ELEMENTS (KOHA)
Koha item type Books
Holdings
Withdrawn status Lost status Home library Current library Date acquired Full call number Accession Number Koha item type
    Methodist University Library Wenchi Faculty Methodist University Library Wenchi Faculty 14/11/2017 HD9200.G62 A6 28744 Books
Copyright © 2026  MUG Library